000 00691nam a2200241Ia 4500
005 20241129111137.0
008 241129s9999||||xx |||||||||||||| ||und||
020 _a978-1-03-233210-9
037 _aTB
040 _aCRL
_beng
_cCRL
041 _aeng
_2eng
084 _aY33.73 R4
_qCRL
100 _aBoehm Lisa Krissoff Au.; Corey Steven H. Au.
_9723461
245 0 _aAmerica's urban history
_cBoehm Lisa Krissoff Au.; Corey Steven H. Au.
250 _a2nd Ed
260 _aLondon, UK
_bRoutledge
_c2024
300 _ax,464p.
365 _aUKP
_b43.99
490 _aThemes in world history
650 _aSociology
942 _cTB
_hY33.73 R4
999 _c1229124
_d1229124